00693 2200217 4500001002100000005001500021035002000036007000300056008004100059082002700100084003300127100001900160245009300179260006900272300002800341650001300369650001100382520002400393856003400417990002400451INLIS00000000000829420260428095501 a0010-0426000143ta260428 0 ind  a633.15 : 631.5 : 581.5 a633.15 : 631.5 : 581.5 SET p0 aSETYORINI, Dwi1 aPerakitan Paket Teknologi Budidaya Jagung Toleran Kekeringan Dan Naungan Spesifik Lokasi aMalang :bBalai Pengkajian Teknologi Pertanian Jawa Timur,c2019 a37p. :bIlus ;c29.7 cm 4aBudidaya 4aJagung aLaporan Akhir Tahun aPerpustakaan BBRMP Jawa Timur a435/2026/BBRMPJATIM